000 00360nam a2200145Ia 4500
008 240624s9999 xx 000 0 und d
041 _aeng
082 _a658.83 BOY
100 _aBOYD HARPER W
245 _aMARKETING RESEARCH TEXT AND CASES
250 _a(7th ed.)
260 _c2004
_aDelhi
_bA.I.T.B.S.
300 _axv, : 816 : p. : cm. ; 24
365 _cRS
999 _c1660
_d1660